Raíces, tubérculos, plátanos y bananas en la nutrición humana
Guardat en:
| Format: | Llibre |
|---|---|
| Idioma: | espanyol |
| Publicat: |
Roma
FAO
1991
|
| Col·lecció: | Colección FAO. Alimentación y nutrición, 24
|
| Matèries: | |
| Etiquetes: |
Afegir etiqueta
Sense etiquetes, Sigues el primer a etiquetar aquest registre!
|
MARC
| LEADER | 00000nam a2200000 a 4500 | ||
|---|---|---|---|
| 001 | UCV6100 | ||
| 003 | CL-VaPUC | ||
| 008 | 920924e19910000IT |||||||||||||||||spa|d | ||
| 082 | 0 | 4 | |a 641.1 |b RAI |2 21 |
| 245 | 1 | 0 | |a Raíces, tubérculos, plátanos y bananas en la nutrición humana |
| 300 | |a 196 p | ||
| 942 | |c BK | ||
| 945 | |d 19920924 00:00:00 | ||
| 260 | |a Roma |b FAO |c 1991 | ||
| 650 | 0 | |a Nutrición |9 259434 | |
| 650 | 7 | |a RAICES BOTANICA |2 CL-VaPUC |9 263081 | |
| 650 | 7 | |a TUBERCULOS |2 CL-VaPUC |9 263082 | |
| 650 | 7 | |a PLATANO |2 CL-VaPUC |9 263083 | |
| 650 | 7 | |a BANANO |2 CL-VaPUC |9 263084 | |
| 650 | 7 | |a MUSA ACUMINATA |2 CL-VaPUC |9 263085 | |
| 583 | |a last modification |c 19920924 00:00:00 |k Rodrigo Vera | ||
| 490 | 0 | |a Colección FAO. Alimentación y nutrición, 24 | |
| 999 | |c 212342 |d 212340 | ||
| 952 | |0 0 |1 0 |4 0 |6 641_100000000000000_RAI_1991 |7 0 |8 A |9 193208 |a BIBING |b BIBING |d 2019-11-14 |i 2608650 |o 641.1 RAI 1991 |p 2608650 |r 2025-01-20 |w 2019-11-14 |y BK |k EIB | ||